| 000 | 01065cam a2200313 4500 | ||
|---|---|---|---|
| 008 | 000000n2001 000 0 eng u | ||
| 020 | _a010276901X | ||
| 035 | _a(Sirsi) u110337 | ||
| 050 | _a338.4369 | ||
| 110 |
_aUnited Kingdom _bNational Audit Office _91350 |
||
| 245 | _aModernising construction - a report by the comptroller and auditor general HC 97 Session 2000-2001 | ||
| 260 |
_aLondon _bStationery Office _c2001 |
||
| 300 | _a103p. ; 30cm. | ||
| 350 | _a12.00 | ||
| 490 |
_aHC _v87 |
||
| 520 | _aA report about how the procurement and delivery of construction projects in the United Kingdom can be modernised, with benefits for all - the construction industry as well as clients. | ||
| 650 | _aCONSTRUCTION INDUSTRY | ||
| 650 | _aWORKING PRACTICES | ||
| 650 | _aLATHAM REFORMS | ||
| 650 | _aEGAN REFORMS | ||
| 650 | _aEGAN REFORMS | ||
| 650 | _aLATHAM REFORMS | ||
| 650 | _aMODERNISATION | ||
| 650 | _aBEST PRACTICE | ||
| 650 | _aProcurement-old | ||
| 650 | _aPERFORMANCE ANALYSIS | ||
| 690 | _aBUILT ENVIRONMENT | ||
| 942 | _n0 | ||
| 999 |
_c101092 _d101092 |
||